000 00583nam a2200229Ia 4500
003 OSt
005 20221005124513.0
006 a|||||r|||| 00| 0
007 ta
008 221004b |||||||| |||| 00| 0 urd d
024 _a9383
037 _cTextual
040 _aCRL
_cCRL
_burd
041 _2urd
_aurd
082 _aS(T), 168J0
100 _aUsman Mohammad Au.
_9188942
245 0 _aNafsiyat-e-taleemi
260 _c1950
650 _aEDUCATIONAL PSYCHOLOGY
_937149
942 _hS(T), 168J0
_cTEXL
_2cc
999 _c1050694
_d1050694